000 00259nam a22001097a 4500
008 160622b xxu||||| |||| 00| 0 eng d
100 _9379
_aDewan, P,
245 _aThe Civil Services
260 _aN.D
_bTwenty
300 _aThe Civil Services
942 _2ddc
_cBK
999 _c308
_d308